00365nam a22001337a 450000500170000000800410001704100150005808200130007310000120008624500270009826000550012530000250018065000260020520240822093926.0240822b |||||||| |||| 00| 0 eng d a04090346X  a349 LAW  lEnglish aThe Lawyer's Yearbook  aDurban: bButterworth Publishers (Pty) Ltd,c1997  b315 pages; c18 cm.  aLegal practice bLaw